[Event "World Youth U16 Olympiad"]
[Site "Gyor HUN"]
[Date "2014.12.13"]
[Round "1.7"]
[Board "2"]
[White "Acs, Marton"]
[Black "Drakoulakos, Grigorios"]
[Result "0-1"]
[WhiteElo "1969"]
[BlackElo "2334"]
[WhiteTeam "Transdanubium West"]
[BlackTeam "Greece"]
[WhiteFideId "765139"]
[BlackFideId "4264541"]
[EventDate "2014.12.13"]
[EventType "team"]

1. d4 Nf6 2. Nf3 e6 3. g3 c5 4. Bg2 cxd4 5. Qxd4 Nc6 6. Qd1 d5 7. O-O Be7 8. c4
O-O 9. Bf4 Qb6 10. Qc1 Bd7 11. Nbd2 Rac8 12. b3 Qa6 13. a4 Na5 14. Ne5 dxc4 15.
Nexc4 Nd5 16. Qb2 Nxf4 17. gxf4 Bf6 18. Ne5 Qxe2 19. Rae1 Qh5 20. Ne4 Qh4 21.
Qd2 Bxe5 22. fxe5 Qd8 23. Qb4 Nc6 24. Qd6 Qb6 25. Nc5 Be8 26. Ne4 Rd8 27. Qc5
Qxb3 28. Nd6 Qxa4 29. Nxb7 Rb8 30. Ra1 Qg4 31. Nd6 Nd4 32. Qxa7 Bc6 33. f3 Bxf3
34. Ra2 Ra8 0-1

[Event "World Youth U16 Olympiad"]
[Site "Gyor HUN"]
[Date "2014.12.13"]
[Round "1.7"]
[Board "3"]
[White "Kourkoulos-Arditis, Stamatis"]
[Black "Arvai, Eszter"]
[Result "1-0"]
[WhiteTitle "FM"]
[WhiteElo "2294"]
[BlackElo "1978"]
[WhiteTeam "Greece"]
[BlackTeam "Transdanubium West"]
[WhiteFideId "4221990"]
[BlackFideId "732583"]
[EventDate "2014.12.13"]
[EventType "team"]

1. Nf3 Nf6 2. g3 d5 3. Bg2 Bf5 4. O-O h6 5. c4 c6 6. cxd5 cxd5 7. Qb3 Qb6 8.
Qxb6 axb6 9. Nc3 e6 10. Nb5 Ra5 11. Nbd4 Bh7 12. d3 Nc6 13. Bd2 Ra4 14. Nb5 Bb4
15. b3 Ra5 16. Bxb4 Rxb5 17. Bc3 Rc5 18. Rfc1 Ne7 19. Ne5 Ng6 20. b4 Rc8 21.
Nxg6 Bxg6 22. Bxf6 Rxc1+ 23. Rxc1 1-0

[Event "World Youth U16 Olympiad"]
[Site "Gyor HUN"]
[Date "2014.12.13"]
[Round "1.7"]
[Board "4"]
[White "Szabo, Benjamin"]
[Black "Tsiros, Fragkiskos Vlasios"]
[Result "0-1"]
[WhiteElo "1947"]
[BlackElo "2147"]
[WhiteTeam "Transdanubium West"]
[BlackTeam "Greece"]
[WhiteFideId "761095"]
[BlackFideId "4228200"]
[EventDate "2014.12.13"]
[EventType "team"]

1. d4 Nf6 2. Nf3 c5 3. c3 e6 4. g3 b6 5. Bg2 Bb7 6. O-O Be7 7. Re1 O-O 8. Bf4 d6
9. Nbd2 cxd4 10. cxd4 Nc6 11. a3 b5 12. e4 Qb6 13. Be3 d5 14. Qb1 h6 15. e5 Ng4
16. Bf1 Nxe3 17. fxe3 a5 18. b3 Rac8 19. Qb2 Rc7 20. Rec1 Rfc8 21. Ne1 Bg5 22.
Kf2 Nxe5 23. Rxc7 Rxc7 24. dxe5 Qxe3+ 25. Kg2 Qxd2+ 26. Qxd2 Bxd2 27. Bxb5 Bc3
28. Rc1 Bxe5 29. Rxc7 Bxc7 30. Nd3 Bd6 31. b4 axb4 32. axb4 Kf8 33. Kf2 Ke7 34.
Ke3 e5 35. g4 d4+ 36. Ke2 e4 37. Nc5 Bxc5 38. bxc5 f6 39. Bc4 Kd7 40. Bb5+ Bc6
41. Bc4 Ba4 42. Bd5 Bb5+ 43. Ke1 e3 44. h4 d3 45. Be4 d2+ 46. Kd1 Ba4+ 47. Bc2
Bxc2+ 0-1

[Event "World Youth U16 Olympiad"]
[Site "Gyor HUN"]
[Date "2014.12.13"]
[Round "1.8"]
[Board "1"]
[White "Boldoo, Erdenepurev"]
[Black "Kozak, Adam"]
[Result "0-1"]
[BlackTitle "FM"]
[WhiteElo "2093"]
[BlackElo "2307"]
[WhiteTeam "Mongolia"]
[BlackTeam "Hungary 2"]
[WhiteFideId "4901037"]
[BlackFideId "753246"]
[EventDate "2014.12.13"]
[EventType "team"]

1. d4 d5 2. c4 c6 3. Nc3 Nf6 4. e3 e6 5. Nf3 Nbd7 6. Bd3 dxc4 7. Bxc4 b5 8. Bd3
Bd6 9. Bd2 Bb7 10. Qc2 O-O 11. Ng5 h6 12. Nce4 Be7 13. Nxf6+ Nxf6 14. Nh7 Re8
15. Nxf6+ Bxf6 16. O-O e5 17. dxe5 Bxe5 18. Bc3 Qf6 19. Bxe5 Rxe5 20. Be4 Rae8
21. Bf3 Rg5 22. Kh1 g6 23. Rad1 Re7 24. b4 Kg7 25. Rc1 Rge5 26. Rfd1 Rf5 27. Qc3
Qxc3 28. Rxc3 c5 29. Bxb7 cxb4 30. Rb3 Rxb7 31. Rxb4 Rxf2 32. a4 a6 0-1

[Event "World Youth U16 Olympiad"]
[Site "Gyor HUN"]
[Date "2014.12.13"]
[Round "1.8"]
[Board "2"]
[White "Juhasz, Armin"]
[Black "Munkhbayar, Gijir"]
[Result "1-0"]
[WhiteTitle "FM"]
[BlackTitle "FM"]
[WhiteElo "2268"]
[BlackElo "1967"]
[WhiteTeam "Hungary 2"]
[BlackTeam "Mongolia"]
[WhiteFideId "724270"]
[BlackFideId "4901584"]
[EventDate "2014.12.13"]
[EventType "team"]

1. Nf3 Nf6 2. g3 g6 3. b3 Bg7 4. Bb2 b6 5. Bg2 Bb7 6. O-O O-O 7. c4 d6 8. d4
Nbd7 9. Nc3 Re8 10. Qc2 e5 11. d5 e4 12. Ng5 e3 13. f4 Bc8 14. Nb5 Nc5 15. Nd4
Bd7 16. Rad1 a5 17. f5 Qe7 18. Nge6 fxe6 19. dxe6 Bxe6 20. fxe6 Rac8 21. Nc6 Qf8
22. Bd5 Kh8 23. Rxf6 Bxf6 24. Rf1 1-0

[Event "World Youth U16 Olympiad"]
[Site "Gyor HUN"]
[Date "2014.12.13"]
[Round "1.8"]
[Board "3"]
[White "Agibileg, Uurtsaikh"]
[Black "Zsirai, Peter"]
[Result "1-0"]
[WhiteElo "1957"]
[BlackElo "2301"]
[WhiteTeam "Mongolia"]
[BlackTeam "Hungary 2"]
[WhiteFideId "4901606"]
[BlackFideId "727423"]
[EventDate "2014.12.13"]
[EventType "team"]

1. d4 d6 2. c4 e5 3. d5 f5 4. Nc3 Nf6 5. e4 fxe4 6. Nge2 Bf5 7. Ng3 Bg6 8. Bg5
Be7 9. Bxf6 gxf6 10. h4 Qd7 11. h5 Bf7 12. Ncxe4 f5 13. Nc3 O-O 14. f3 Kh8 15.
Bd3 Bg8 16. Qc2 f4 17. Nge4 c6 18. O-O-O Na6 19. a3 Rac8 20. Qb3 b6 21. Kb1 cxd5
22. cxd5 Nc7 23. Rhg1 Rf5 24. g4 fxg3 25. Rxg3 Rcf8 26. Rdg1 Rxf3 27. Rxf3 Rxf3
28. Qc2 Qh3 29. Nf2 Qh2 30. Rxg8+ Kxg8 31. Bxh7+ Kf8 32. Qg6 Bf6 33. Ng4 Qf4 34.
Nh6 Ke7 35. Nf5+ Qxf5+ 36. Qxf5 Rxf5 37. Bxf5 Bg7 38. Kc2 Kf6 39. Bg6 Kg5 40.
Kd3 Kf4 41. Bf7 Kf3 42. Ne4 Bf8 43. Ng5+ Kf4 44. Ne6+ Nxe6 45. dxe6 Kf5 46. Kc4
Kf6 47. Kd5 Ke7 48. b4 Bh6 49. Ke4 Kf6 50. Kd5 Ke7 51. a4 Bf8 52. a5 bxa5 53.
bxa5 Bg7 54. a6 Bh6 55. Bg6 Bf8 56. Bf5 Kf6 57. Bg4 Kg5 58. Bf3 Kf6 59. Be2 Kf5
60. Bc4 e4 61. h6 Kg6 62. Kxe4 Kxh6 63. Kd5 Kg6 64. Kc6 Kf6 65. Bd5 Ke5 66. Kb7
Kxd5 67. Kxa7 1-0

[Event "World Youth U16 Olympiad"]
[Site "Gyor HUN"]
[Date "2014.12.13"]
[Round "1.8"]
[Board "4"]
[White "Werner, Anna"]
[Black "Baterdene, Tsogbayar"]
[Result "1/2-1/2"]
[WhiteElo "1999"]
[BlackElo "1981"]
[WhiteTeam "Hungary 2"]
[BlackTeam "Mongolia"]
[WhiteFideId "752274"]
[BlackFideId "4901592"]
[EventDate "2014.12.13"]
[EventType "team"]

1. d4 d5 2. c4 c6 3. Nd2 Nf6 4. Ngf3 Bf5 5. Nh4 Bg6 6. Qb3 Qc7 7. e3 e6 8. Bd3
Bxd3 9. Qxd3 Nbd7 10. Nhf3 Be7 11. b3 O-O 12. Bb2 Rfd8 13. Qc2 Rac8 14. O-O b5
15. Rfc1 Qb7 16. c5 Qc7 17. Bc3 Rb8 18. b4 Re8 19. a4 a6 20. Ra3 a5 21. axb5
axb4 22. b6 Nxb6 23. Bxb4 Nbd7 24. Bc3 Rb5 25. Rca1 Reb8 26. Ra7 Qc8 27. h3 Bf8
28. R1a6 R5b7 29. Qa4 Rxa7 30. Rxa7 Rb5 31. Ra8 Qc7 32. Qa6 Nb8 33. Qa4 Nbd7 34.
Ne1 e5 35. Nd3 e4 36. Nb4 Nb8 37. Qa7 Rb7 38. Qa4 Nfd7 39. Nb3 f5 40. Na6 Nxa6
41. Rxa6 Nb8 42. Ra8 Rb5 43. Ra5 Rb7 44. Ra8 f4 45. Bd2 f3 46. g3 Rb5 47. Ra5
Rb7 48. Ra8 Rb5 49. Ra5 Rb7 50. Ra8 Rb5 51. Ra5 1/2-1/2

[Event "World Youth U16 Olympiad"]
[Site "Gyor HUN"]
[Date "2014.12.13"]
[Round "1.9"]
[Board "1"]
[White "Sanal, Vahap"]
[Black "Valkama, Eero"]
[Result "1-0"]
[WhiteTitle "IM"]
[WhiteElo "2452"]
[BlackElo "2108"]
[WhiteTeam "Turkey"]
[BlackTeam "Finland"]
[WhiteFideId "6300545"]
[BlackFideId "507555"]
[EventDate "2014.12.13"]
[EventType "team"]

1. e4 d6 2. d4 Nf6 3. Bd3 e5 4. c3 g6 5. Nf3 Nbd7 6. O-O Bg7 7. Be3 O-O 8. Nbd2
c6 9. Re1 Qe7 10. Qc2 h6 11. h3 Nh5 12. Rad1 Nb6 13. a4 Be6 14. b4 Nd7 15. Nb3
f5 16. exf5 gxf5 17. dxe5 dxe5 18. Nc5 b6 19. Nxe6 Qxe6 20. Qe2 Nhf6 21. Bc4 Nd5
22. b5 N7f6 23. bxc6 Rfe8 24. Qa2 Rad8 25. c7 Rd6 26. Bf4 1-0

[Event "World Youth U16 Olympiad"]
[Site "Gyor HUN"]
[Date "2014.12.13"]
[Round "1.9"]
[Board "2"]
[White "Keinanen, Toivo"]
[Black "Sevgi, Volkan"]
[Result "1-0"]
[BlackTitle "FM"]
[WhiteElo "2045"]
[BlackElo "2091"]
[WhiteTeam "Finland"]
[BlackTeam "Turkey"]
[WhiteFideId "509825"]
[BlackFideId "6325335"]
[EventDate "2014.12.13"]
[EventType "team"]

1. e4 e5 2. Nf3 Nc6 3. Bc4 Bc5 4. d4 Bxd4 5. Nxd4 exd4 6. O-O Nge7 7. Nd2 d6 8.
Nb3 Ne5 9. Be2 c5 10. Bf4 Qb6 11. Bg3 Be6 12. Nd2 g5 13. Qc1 N7g6 14. Nf3 h6 15.
Rd1 Nxf3+ 16. Bxf3 h5 17. Qxg5 h4 18. Bf4 h3 19. Bg3 hxg2 20. c3 Rd8 21. Bh5 Rg8
22. Qf6 Qxb2 23. Bh4 Kd7 24. Bxg6 Qxc3 25. Bxf7 1-0

[Event "World Youth U16 Olympiad"]
[Site "Gyor HUN"]
[Date "2014.12.13"]
[Round "1.9"]
[Board "3"]
[White "Tuncer, Tuna"]
[Black "Syvalahti, Timo"]
[Result "1-0"]
[WhiteElo "2210"]
[BlackElo "1923"]
[WhiteTeam "Turkey"]
[BlackTeam "Finland"]
[WhiteFideId "6349269"]
[BlackFideId "509515"]
[EventDate "2014.12.13"]
[EventType "team"]

1. e4 e6 2. d4 d5 3. Nd2 c5 4. exd5 Qxd5 5. Ngf3 cxd4 6. Bc4 Qd6 7. O-O Nf6 8.
Nb3 Nc6 9. Nbxd4 Nxd4 10. Nxd4 Qc7 11. Bb3 a6 12. Qf3 Bd6 13. h3 O-O 14. Bg5
Bh2+ 15. Kh1 Be5 16. Rad1 h6 17. Bh4 b6 18. Qxa8 Bb7 19. Nxe6 Bxa8 20. Nxc7 Bxc7
21. Bxf6 gxf6 22. Bd5 Be5 23. c3 b5 24. Bxa8 Rxa8 25. Rd7 1-0

[Event "World Youth U16 Olympiad"]
[Site "Gyor HUN"]
[Date "2014.12.13"]
[Round "1.9"]
[Board "4"]
[White "Nazarova, Anastasia"]
[Black "Temel, Burcu Melis"]
[Result "0-1"]
[WhiteTitle "WCM"]
[WhiteElo "1850"]
[BlackElo "1878"]
[WhiteTeam "Finland"]
[BlackTeam "Turkey"]
[WhiteFideId "34101737"]
[BlackFideId "6345492"]
[EventDate "2014.12.13"]
[EventType "team"]

1. e4 c5 2. Nf3 e6 3. c4 Nc6 4. Nc3 e5 5. Be2 Be7 6. O-O d6 7. d3 f5 8. a3 Nf6
9. Rb1 a5 10. Re1 O-O 11. b3 Nd4 12. h3 h6 13. Nxd4 cxd4 14. Nd5 fxe4 15. Nxf6+
Bxf6 16. dxe4 Bh4 17. Rf1 Qf6 18. f3 Qg6 19. Kh1 Qg3 20. Bd3 Bxh3 21. Qe2 Be6
22. Bd2 Qg6 23. Be1 Bg5 24. Bd2 Rf4 25. Bxf4 Bxf4 26. g4 Qg5 27. Rg1 h5 28. Rg2
hxg4 29. fxg4 Rf8 30. Kg1 Qh4 31. Rh2 Bxh2+ 32. Qxh2 Qxg4+ 33. Qg2 Qf4 34. Be2
Qe3+ 35. Kh1 Rf2 0-1

[Event "World Youth U16 Olympiad"]
[Site "Gyor HUN"]
[Date "2014.12.13"]
[Round "1.10"]
[Board "1"]
[White "Gorodetzky, David"]
[Black "Radovic, Luka"]
[Result "1/2-1/2"]
[WhiteElo "2164"]
[BlackElo "2352"]
[WhiteTeam "Rehovot Chess School"]
[BlackTeam "Serbia"]
[WhiteFideId "2813416"]
[BlackFideId "911569"]
[EventDate "2014.12.13"]
[EventType "team"]

1. e4 c5 2. c3 d6 3. d4 Nf6 4. Bd3 g6 5. Nf3 Bg7 6. O-O O-O 7. h3 Nc6 8. d5 Na5
9. Qe2 e6 10. c4 exd5 11. cxd5 Re8 12. Nc3 Bd7 13. Bg5 h6 14. Be3 a6 15. Rab1
Rc8 16. Qd2 c4 17. Bc2 Kh7 18. Nd4 b5 19. a3 Nb7 20. f3 Nc5 21. g4 Qc7 22. Rbe1
Rb8 23. Nce2 a5 24. Ng3 b4 25. h4 Ba4 26. Bxa4 Nxa4 27. Nc6 bxa3 28. Nxb8 Rxb8
29. bxa3 Rb2 30. Qd1 Rb3 31. g5 Nd7 32. h5 hxg5 33. hxg6+ fxg6 34. Re2 Be5 35.
Qe1 Qd8 36. Rh2+ Kg8 37. Rg2 Qf6 38. Qxa5 Nab6 39. Bf2 Rxf3 40. Qd2 c3 41. Qe2
g4 42. Bxb6 Nxb6 43. a4 Bxg3 44. a5 Qd4+ 45. Kh1 Qh8+ 46. Kg1 Qd4+ 47. Kh1 Nd7
48. Rxf3 gxf3 49. Qxf3 Qh8+ 50. Kg1 Qd4+ 51. Kh1 Be5 52. a6 Bg7 53. Qg4 Nf6 54.
Qe6+ Kh7 55. Qh3+ Nh5 56. Qg4 Kh8 57. Qc8+ Kh7 58. Qg4 Kh8 59. Qc8+ Kh7 60. Qg4
Qf6 61. a7 Qd4 1/2-1/2

[Event "World Youth U16 Olympiad"]
[Site "Gyor HUN"]
[Date "2014.12.13"]
[Round "1.10"]
[Board "2"]
[White "Radovic, Janko"]
[Black "Zlatin, Alexander"]
[Result "1-0"]
[WhiteElo "2272"]
[BlackElo "2032"]
[WhiteTeam "Serbia"]
[BlackTeam "Rehovot Chess School"]
[WhiteFideId "911518"]
[BlackFideId "2810549"]
[EventDate "2014.12.13"]
[EventType "team"]

1. e4 e5 2. Nf3 Nc6 3. c3 d5 4. Qa4 Bd7 5. exd5 Nd4 6. Qd1 Nxf3+ 7. Qxf3 Nf6 8.
Bc4 Bd6 9. d4 e4 10. Qe2 h6 11. O-O O-O 12. h3 Qc8 13. f3 Re8 14. fxe4 Nxe4 15.
Qf3 Ng3 16. Qxf7+ Kh8 17. Bxh6 gxh6 18. Qf6+ Kh7 19. Bd3+ Bf5 20. Rxf5 Ne2+ 21.
Kf2 Bg3+ 22. Kf1 Nxd4 23. Rg5+ Nf5 24. Qg7# 1-0

[Event "World Youth U16 Olympiad"]
[Site "Gyor HUN"]
[Date "2014.12.13"]
[Round "1.10"]
[Board "3"]
[White "Parkhov, Yair"]
[Black "Djordjevic, Vuk"]
[Result "1-0"]
[WhiteElo "1960"]
[BlackElo "2291"]
[WhiteTeam "Rehovot Chess School"]
[BlackTeam "Serbia"]
[WhiteFideId "2813408"]
[BlackFideId "902098"]
[EventDate "2014.12.13"]
[EventType "team"]

1. d4 Nf6 2. c4 e6 3. Nf3 b6 4. a3 Bb7 5. Nc3 d5 6. Bg5 Nbd7 7. e3 Be7 8. Bd3
O-O 9. O-O Ne4 10. Bxe7 Qxe7 11. Bxe4 dxe4 12. Nd2 f5 13. f3 exf3 14. Nxf3 g5
15. Qe1 Kh8 16. Qg3 Nf6 17. Ne5 Rg8 18. Rad1 Rae8 19. b4 h5 20. Qe1 h4 21. c5
Be4 22. Nxe4 Nxe4 23. Rc1 b5 24. Qe2 Qh7 25. Qxb5 Re7 26. c6 Qh5 27. Rc2 Rh7 28.
Nd7 Qh6 29. Qe5+ Rhg7 30. Qxc7 Qg6 31. Qe5 h3 32. c7 Rc8 33. Nf8 Rxf8 34. c8=Q
Rxc8 35. Rxc8+ Kh7 36. Rfc1 Nf6 37. R1c7 Nd7 38. Rxd7 1-0

[Event "World Youth U16 Olympiad"]
[Site "Gyor HUN"]
[Date "2014.12.13"]
[Round "1.10"]
[Board "4"]
[White "Gajcin, Marina"]
[Black "Gorodetzky, Matan"]
[Result "1-0"]
[WhiteElo "2036"]
[BlackElo "1751"]
[WhiteTeam "Serbia"]
[BlackTeam "Rehovot Chess School"]
[WhiteFideId "949086"]
[BlackFideId "2813394"]
[EventDate "2014.12.13"]
[EventType "team"]

1. e4 e6 2. d4 d5 3. e5 c5 4. c3 Nc6 5. Nf3 Qb6 6. a3 c4 7. Nbd2 Na5 8. Be2 Bd7
9. O-O Ne7 10. Rb1 Qc7 11. Ne1 O-O-O 12. Ndf3 h6 13. Bf4 Kb8 14. Qc2 Nc8 15. Bd1
Bb5 16. Qe2 Qd7 17. Nd2 g5 18. Be3 Rg8 19. Bc2 Ne7 20. Qh5 Nf5 21. g4 Nh4 22.
Ng2 Nxg2 23. Kxg2 f5 24. exf6 Bd6 25. Nf3 Qc7 26. f7 Rh8 27. Ne5 Bxe5 28. dxe5
Bc6 29. Bd4 Nb3 30. Bxb3 cxb3 31. f4 Bb5 32. Rf3 Be2 33. Re3 Bc4 34. f5 Qe7 35.
Qg6 1-0

[Event "World Youth U16 Olympiad"]
[Site "Gyor HUN"]
[Date "2014.12.13"]
[Round "1.11"]
[Board "1"]
[White "Asgarizadeh, Ahmad"]
[Black "Mraz, Ondrej"]
[Result "1-0"]
[WhiteElo "2371"]
[BlackElo "2138"]
[WhiteTeam "Iran"]
[BlackTeam "Slovakia Middle"]
[WhiteFideId "12505684"]
[BlackFideId "14900335"]
[EventDate "2014.12.13"]
[EventType "team"]

1. e4 e5 2. Nf3 Nc6 3. Bc4 Nf6 4. d3 Be7 5. O-O O-O 6. Re1 d6 7. a4 h6 8. a5 a6
9. c3 Nh7 10. Nbd2 Ng5 11. Qb3 Rb8 12. h3 Kh8 13. d4 exd4 14. cxd4 f5 15. exf5
Bxf5 16. d5 Ne5 17. Nd4 Bg6 18. Nf1 c5 19. dxc6 bxc6 20. Qa4 Ne4 21. Ne6 Qe8 22.
Nxf8 Qxf8 23. Be3 Rxb2 24. Bxa6 Nxf2 25. Re2 Rxe2 26. Bxe2 Ne4 27. Qb3 Bf7 28.
Qc2 Bd5 29. a6 Bg5 30. Bd3 Nc5 31. Bxc5 dxc5 32. a7 Qa8 33. Qb1 1-0

[Event "World Youth U16 Olympiad"]
[Site "Gyor HUN"]
[Date "2014.12.13"]
[Round "1.11"]
[Board "2"]
[White "Haring, Viktor"]
[Black "Tabatabaei, M.amin"]
[Result "0-1"]
[BlackTitle "FM"]
[WhiteElo "2051"]
[BlackElo "2363"]
[WhiteTeam "Slovakia Middle"]
[BlackTeam "Iran"]
[WhiteFideId "14919400"]
[BlackFideId "12521213"]
[EventDate "2014.12.13"]
[EventType "team"]

1. e4 e5 2. Nf3 Nc6 3. Bb5 Nf6 4. O-O Nxe4 5. d4 Nd6 6. Bxc6 dxc6 7. dxe5 Nf5 8.
Qxd8+ Kxd8 9. Nc3 Bd7 10. Ne4 h6 11. b3 Kc8 12. Bb2 b6 13. Rad1 c5 14. Rfe1 Ne7
15. h3 Be6 16. Nh2 a5 17. Nf1 a4 18. Ne3 axb3 19. axb3 Ra2 20. Rb1 g5 21. Nf6
Nc6 22. Nd1 c4 23. Nc3 Ra5 24. bxc4 Bxc4 25. Nce4 Be6 26. Bc3 Ra2 27. Re2 Be7
28. Ra1 Rxa1+ 29. Bxa1 Kb7 30. Kh2 Ra8 31. Bc3 b5 32. Ng3 b4 33. Be1 Ra2 34. f3
Nd4 35. Re4 Nxc2 36. Ng8 b3 37. Bc3 Bb4 38. Bxb4 b2 0-1

[Event "World Youth U16 Olympiad"]
[Site "Gyor HUN"]
[Date "2014.12.13"]
[Round "1.11"]
[Board "3"]
[White "Maghsoodloo, Parham"]
[Black "Sahidi, Samir"]
[Result "1-0"]
[WhiteElo "2415"]
[BlackElo "2026"]
[WhiteTeam "Iran"]
[BlackTeam "Slovakia Middle"]
[WhiteFideId "12539929"]
[BlackFideId "14936372"]
[EventDate "2014.12.13"]
[EventType "team"]

1. Nf3 Nf6 2. d4 e6 3. c4 Bb4+ 4. Bd2 Bxd2+ 5. Qxd2 b6 6. g3 Bb7 7. Bg2 O-O 8.
O-O d6 9. Nc3 Nbd7 10. d5 e5 11. Rfc1 a5 12. b3 Nc5 13. Ne1 Nfd7 14. e4 f5 15.
exf5 Rxf5 16. Nd3 Qf8 17. Ne4 Nxd3 18. Qxd3 Nc5 19. Nxc5 bxc5 20. Be4 Rh5 21.
Rf1 Qf6 22. Qe2 g6 23. Rad1 Bc8 24. f4 Bh3 25. Bg2 Bxg2 26. Kxg2 Re8 27. Rd3 Rf5
28. Re3 Kg7 29. Re4 h5 30. h3 g5 31. Qxh5 Rh8 32. fxg5 Rxh5 33. gxf6+ Kxf6 34.
Ree1 Rh8 35. g4 Rxf1 36. Rxf1+ Kg6 37. Kg3 a4 38. h4 axb3 39. axb3 Rb8 40. h5+
Kg7 41. Rf3 Ra8 42. Kh4 Ra2 43. Kg5 Rh2 44. Rf6 e4 45. h6+ Kg8 46. Re6 Kf7 47.
Rxe4 Rh3 48. Rf4+ Kg8 49. Kg6 1-0

[Event "World Youth U16 Olympiad"]
[Site "Gyor HUN"]
[Date "2014.12.13"]
[Round "1.11"]
[Board "4"]
[White "Poliakova, Emma"]
[Black "Gholami Orimi, Anahita"]
[Result "0-1"]
[WhiteElo "1679"]
[BlackElo "1998"]
[WhiteTeam "Slovakia Middle"]
[BlackTeam "Iran"]
[WhiteFideId "73601144"]
[BlackFideId "12560260"]
[EventDate "2014.12.13"]
[EventType "team"]

1. e4 e5 2. Nf3 Nc6 3. c3 Nf6 4. d4 d5 5. exd5 Qxd5 6. dxe5 Qxd1+ 7. Kxd1 Ng4 8.
Ke1 Bc5 9. Bb5 Bxf2+ 10. Ke2 Bb6 11. Bf4 Bd7 12. Bxc6 Bxc6 13. Nbd2 O-O-O 14.
Rhe1 Rhe8 15. Kf1 Nf2 16. Bg5 Rd7 17. b4 Nd3 18. Re2 h6 19. Be3 Rde7 20. Bxb6
axb6 21. a4 Nxe5 22. Nd4 Bd7 23. b5 Bg4 24. Re3 Nc4 25. Nxc4 Rxe3 26. Nxe3 Rxe3
27. Rc1 Kd7 28. h3 Be6 29. Kf2 Re5 30. Rd1 Ke7 31. Ra1 Bd5 32. g4 h5 33. Kg3
Re3+ 34. Kh4 Rxc3 35. Re1+ Kf6 36. Nf5 g5+ 0-1

[Event "World Youth U16 Olympiad"]
[Site "Gyor HUN"]
[Date "2014.12.13"]
[Round "1.12"]
[Board "1"]
[White "Holtman, Teodor"]
[Black "Jarmula, Lukasz"]
[Result "0-1"]
[BlackTitle "FM"]
[WhiteElo "2058"]
[BlackElo "2307"]
[WhiteTeam "Slovakia East"]
[BlackTeam "Poland 1"]
[WhiteFideId "14933721"]
[BlackFideId "1160664"]
[EventDate "2014.12.13"]
[EventType "team"]

1. e4 c5 2. Nf3 e6 3. d4 cxd4 4. Nxd4 Nc6 5. Nc3 Qc7 6. Be3 a6 7. Nxc6 bxc6 8.
Bd3 d5 9. O-O Nf6 10. Qe2 Be7 11. Bd2 O-O 12. Rae1 Bb7 13. f4 Nd7 14. Qh5 Nc5
15. Kh1 f5 16. exd5 cxd5 17. Qe2 Ne4 18. Nd1 Bh4 19. Bxe4 Bxe1 20. Bxe1 fxe4 21.
Qg4 Rf6 22. Bc3 e5 23. Be1 Rxf4 24. Rxf4 exf4 25. Bc3 d4 26. Bxd4 Rd8 27. c3 e3
28. Kg1 Re8 29. Qe2 Qc6 30. Kf1 Qxg2+ 31. Qxg2 Bxg2+ 32. Ke1 g5 33. b4 g4 34. a4
h5 35. Bf6 f3 0-1

[Event "World Youth U16 Olympiad"]
[Site "Gyor HUN"]
[Date "2014.12.13"]
[Round "1.12"]
[Board "2"]
[White "Tomczak, Mikolaj"]
[Black "Kravec, Patrik"]
[Result "1-0"]
[WhiteElo "2266"]
[BlackElo "1976"]
[WhiteTeam "Poland 1"]
[BlackTeam "Slovakia East"]
[WhiteFideId "1175114"]
[BlackFideId "14923505"]
[EventDate "2014.12.13"]
[EventType "team"]

1. d4 Nf6 2. c4 g6 3. Nc3 Bg7 4. e4 d6 5. Nf3 O-O 6. Be2 Bg4 7. O-O Nfd7 8. Bg5
Bxf3 9. Bxf3 Nc6 10. Ne2 Qe8 11. Be3 e5 12. d5 Ne7 13. Nc3 f5 14. Nb5 Qd8 15. b4
a6 16. Nc3 f4 17. Bd2 b6 18. a4 a5 19. Nb5 Kh8 20. bxa5 bxa5 21. Qe1 Nc8 22.
Bxa5 Ncb6 23. Bxb6 Nxb6 24. a5 Nd7 25. a6 Nc5 26. a7 Rf7 27. Qb4 Bf8 28. Rfb1
Qc8 29. Nd4 exd4 30. Qb8 Qxb8 31. Rxb8 Rxa7 32. Rxa7 d3 33. e5 dxe5 34. d6 e4
35. dxc7 Ne6 36. Bxe4 d2 37. Bf3 Nd4 38. c8=Q Nxf3+ 39. gxf3 d1=Q+ 40. Kg2 Rf6
41. Qxf8+ 1-0

[Event "World Youth U16 Olympiad"]
[Site "Gyor HUN"]
[Date "2014.12.13"]
[Round "1.12"]
[Board "3"]
[White "Sepesi, Samuel"]
[Black "Gumularz, Szymon"]
[Result "1/2-1/2"]
[WhiteElo "1925"]
[BlackElo "2241"]
[WhiteTeam "Slovakia East"]
[BlackTeam "Poland 1"]
[WhiteFideId "14923084"]
[BlackFideId "1188062"]
[EventDate "2014.12.13"]
[EventType "team"]

1. e4 c5 2. Nf3 e6 3. d4 cxd4 4. Nxd4 Nc6 5. Nc3 Qc7 6. Be3 Nf6 7. a3 a6 8. Be2
Be7 9. f4 d6 10. g4 Nxd4 11. Bxd4 e5 12. Be3 exf4 13. Bxf4 Be6 14. Qd4 O-O 15.
O-O-O Rfd8 16. g5 Ne8 17. Nd5 Bxd5 18. exd5 b5 19. h4 Rab8 20. Qe4 Bf8 21. Bd3
g6 22. h5 Qe7 23. Qf3 Ng7 24. hxg6 fxg6 25. Rh4 b4 26. a4 b3 27. c3 Rb7 28. Be3
Re8 29. Re4 Qd8 30. Rf1 Nf5 31. Re6 Rf7 32. Qh3 Qd7 33. Rxf5 Rxf5 34. Bxf5 gxf5
35. Qxf5 Qxa4 36. Rxe8 Qxe8 37. Kd2 a5 38. Qf6 Qe4 39. Bd4 Qc2+ 40. Ke3 Qc1+ 41.
Kd3 Qc2+ 42. Ke3 Qc1+ 43. Kd3 Qc2+ 1/2-1/2

[Event "World Youth U16 Olympiad"]
[Site "Gyor HUN"]
[Date "2014.12.13"]
[Round "1.12"]
[Board "4"]
[White "Harazinska, Ewa"]
[Black "Nadzamova, Sofia"]
[Result "1-0"]
[WhiteTitle "WFM"]
[WhiteElo "2143"]
[BlackElo "1734"]
[WhiteTeam "Poland 1"]
[BlackTeam "Slovakia East"]
[WhiteFideId "1118374"]
[BlackFideId "14928450"]
[EventDate "2014.12.13"]
[EventType "team"]

1. d4 Nf6 2. c4 g6 3. Nc3 Bg7 4. e4 d6 5. Nf3 O-O 6. Be2 e5 7. O-O Nc6 8. d5 Ne7
9. b4 Ne8 10. c5 f5 11. Ng5 h6 12. Ne6 Bxe6 13. dxe6 dxc5 14. bxc5 Qxd1 15. Rxd1
Nf6 16. Nd5 Rae8 17. Nxc7 Rd8 18. Ba3 Nxe4 19. c6 Nxc6 20. Bc4 1-0